[Event "SC Gronau 2 - SV Heiden 2"]
[Site "Verbandsklasse 2019/2020"]
[Date "2019.11.16"]
[Round "3.1"]
[White "Wienen, Josef"]
[Black "Kloenne, Tim"]
[Result "0-1"]
[WhiteElo "1609"]
[BlackElo "1801"]
[PlyCount "62"]
[EventDate "2019.??.??"]
[SourceDate "2019.09.20"]

1. c4 e5 2. g3 Nc6 3. Bg2 Nf6 4. Nc3 Be7 5. d3 O-O 6. e3 Rb8 7. Nge2 a6 8. a3
d6 9. O-O Bf5 10. b4 Qc8 11. Kh1 Bh3 12. Ng1 Bxg2+ 13. Kxg2 Qd7 14. Nf3 Rfe8
15. b5 Nd8 16. Bb2 Ne6 17. Rb1 Nc5 18. d4 exd4 19. exd4 Nce4 20. Re1 Nxc3 21.
Bxc3 axb5 22. Rxb5 c6 23. Rb2 d5 24. Ne5 Qc7 25. Qf3 Bxa3 26. Rbe2 Bd6 27. c5
Bxe5 28. Rxe5 Ne4 29. Qd3 Rxe5 30. dxe5 Nxc5 31. Bb4 Nxd3 0-1

[Event "SC Gronau 2 - SV Heiden 2"]
[Site "Verbandsklasse 2019/2020"]
[Date "2019.11.16"]
[Round "3.2"]
[White "Tsoukkerman, Boris Z"]
[Black "Dolle, Stephan"]
[Result "1/2-1/2"]
[WhiteElo "1907"]
[BlackElo "1774"]
[PlyCount "104"]
[EventDate "2019.??.??"]
[SourceDate "2019.09.20"]

1. Nf3 d5 2. g3 Nf6 3. Bg2 c6 4. d4 g6 5. Nbd2 Bg7 6. c4 O-O 7. b3 Nbd7 8. Bb2
dxc4 9. Nxc4 Nb6 10. Nfe5 Be6 11. O-O Nfd7 12. Rc1 Nxc4 13. Nxc4 Nb6 14. Na5
Bc8 15. Qd2 e5 16. Rfd1 exd4 17. Bxd4 Bxd4 18. Qxd4 Qxd4 19. Rxd4 Rb8 20. Rcd1
Be6 21. e4 Rfe8 22. f4 f5 23. e5 Nd5 24. Kf2 Kf7 25. Nc4 Ke7 26. Nd6 Red8 27.
Bf3 Rd7 28. R1d2 Nc7 29. Nc4 Rxd4 30. Rxd4 Bd5 31. Ne3 Bxf3 32. Kxf3 Rd8 33.
Rxd8 Kxd8 34. g4 fxg4+ 35. Kxg4 Ke7 36. Nc4 b5 37. Na5 Kd7 38. b4 Nd5 39. a3 h6
40. Kf3 Nc3 41. Nb3 Nb1 42. Nc5+ Ke7 43. a4 bxa4 44. Nxa4 Na3 45. Nc5 Nc2 46.
Nd3 Ke6 47. Ke4 Ke7 48. h3 Ke6 49. h4 h5 50. Nc5+ Kf7 51. Nd3 Ke6 52. Nc5+ Kf7
1/2-1/2

[Event "SC Gronau 2 - SV Heiden 2"]
[Site "Verbandsklasse 2019/2020"]
[Date "2019.11.16"]
[Round "3.3"]
[White "Blobel, Tobias"]
[Black "Reinhold, Klaus"]
[Result "1/2-1/2"]
[WhiteElo "1654"]
[BlackElo "1823"]
[PlyCount "70"]
[EventDate "2019.??.??"]
[SourceDate "2019.09.20"]

1. d4 d5 2. c4 c6 3. cxd5 cxd5 4. Nc3 Nf6 5. e3 Nc6 6. Nf3 Bg4 7. h3 Bh5 8. Be2
e6 9. Qb3 Rb8 10. O-O Be7 11. Nh2 Bg6 12. Bd2 O-O 13. Rac1 Qd7 14. Nf3 a6 15.
Ne1 Rfc8 16. Nd3 Na5 17. Qd1 Nc4 18. Ne5 Nxe5 19. dxe5 Ne4 20. Nxe4 Bxe4 21.
Bc3 Rc6 22. Bd3 Bxd3 23. Qxd3 Rbc8 24. a3 Qc7 25. f4 Bxa3 26. f5 Bb4 27. fxe6
fxe6 28. Qd4 Bxc3 29. bxc3 Rc4 30. Qa7 Qxe5 31. Qxb7 Qxe3+ 32. Kh1 R4c7 33.
Qxa6 Rc6 34. Qb7 R6c7 35. Qa6 Rc6 1/2-1/2

[Event "SC Gronau 2 - SV Heiden 2"]
[Site "Verbandsklasse 2019/2020"]
[Date "2019.11.16"]
[Round "3.4"]
[White "Schoewer Lingemann, Thorsten"]
[Black "Sicking, Andreas"]
[Result "1-0"]
[WhiteElo "1714"]
[BlackElo "1587"]
[PlyCount "73"]
[EventDate "2019.??.??"]
[SourceDate "2019.09.20"]

1. Nf3 b6 2. g3 Bb7 3. Bg2 Nf6 4. c4 e5 5. d3 Bc5 6. O-O Qe7 7. e3 O-O 8. d4
Bd6 9. Nc3 a6 10. a3 Re8 11. b4 exd4 12. exd4 Qf8 13. Bg5 Ne4 14. Nxe4 Bxe4 15.
Re1 Nc6 16. c5 Be7 17. Rxe4 Bxg5 18. Rxe8 Rxe8 19. Nxg5 Qe7 20. Nf3 Qe2 21. d5
Na7 22. Qxe2 Rxe2 23. Re1 Rxe1+ 24. Nxe1 Nb5 25. Nc2 bxc5 26. bxc5 Nc3 27. Kf1
Kf8 28. Ke1 Ke7 29. Nd4 g6 30. Nb3 Kf6 31. f4 Kf5 32. Bf3 h5 33. Nd4+ Kf6 34.
h4 Ke7 35. Kd2 Nb1+ 36. Kc1 Nxa3 37. Be2 1-0

[Event "SC Gronau 2 - SV Heiden 2"]
[Site "Verbandsklasse 2019/2020"]
[Date "2019.11.16"]
[Round "3.5"]
[White "Spoeler, Gerd"]
[Black "Sprenger, Franz"]
[Result "1/2-1/2"]
[WhiteElo "1599"]
[BlackElo "1675"]
[PlyCount "59"]
[EventDate "2019.??.??"]
[SourceDate "2019.09.20"]

1. d4 d5 2. c4 e6 3. Nf3 Nf6 4. Bg5 Be7 5. e3 O-O 6. Bd3 Nc6 7. a3 h6 8. Bh4
dxc4 9. Bxc4 Ne4 10. Bxe7 Qxe7 11. Bd3 Nd6 12. Nc3 a6 13. Rc1 Bd7 14. O-O Rac8
15. Re1 Rfe8 16. e4 Qf8 17. Ne5 Nxe5 18. dxe5 Nb5 19. Nxb5 axb5 20. Qb3 c6 21.
f4 g6 22. Re3 Qe7 23. Rg3 Kh7 24. Rf1 Rg8 25. f5 g5 26. Rc1 Qd8 27. Rh3 g4 28.
Rg3 h5 29. Be2 Qg5 30. Rd1 1/2-1/2

[Event "SC Gronau 2 - SV Heiden 2"]
[Site "Verbandsklasse 2019/2020"]
[Date "2019.11.16"]
[Round "3.6"]
[White "Schlueter, Gerhard"]
[Black "Skrodzki, Heinz Werner"]
[Result "1/2-1/2"]
[WhiteElo "1655"]
[BlackElo "1526"]
[PlyCount "38"]
[EventDate "2019.??.??"]
[SourceDate "2019.09.20"]

1. e4 e6 2. d4 d5 3. exd5 exd5 4. Bd3 Nf6 5. Nf3 Bg4 6. O-O Be7 7. Bf4 O-O 8.
Nbd2 Nbd7 9. c3 c5 10. Qc2 c4 11. Bf5 Bxf5 12. Qxf5 Nb6 13. Rfe1 g6 14. Qc2 Nh5
15. Bh6 Re8 16. Re3 Bf8 17. Bg5 f6 18. Bh4 Rxe3 19. fxe3 Bd6 1/2-1/2

[Event "SC Gronau 2 - SV Heiden 2"]
[Site "Verbandsklasse 2019/2020"]
[Date "2019.11.16"]
[Round "3.7"]
[White "Temminghoff, Alois"]
[Black "Roevekamp, Wolfgang"]
[Result "1-0"]
[WhiteElo "1560"]
[BlackElo "1413"]
[PlyCount "63"]
[EventDate "2019.??.??"]
[SourceDate "2019.09.20"]

1. e4 e5 2. Bc4 Nf6 3. d3 Nc6 4. Nf3 a6 5. Ng5 d5 6. exd5 Nxd5 7. Qf3 Be6 8.
Nxe6 fxe6 9. c3 Na5 10. Qh5+ Kd7 11. O-O Qf6 12. Qg4 Nf4 13. g3 h5 14. Qd1 Ng6
15. Qe2 h4 16. b4 Nxc4 17. dxc4 Rd8 18. Nd2 b6 19. Ne4 Qf5 20. c5 b5 21. Rd1+
Kc8 22. Rxd8+ Kxd8 23. Qd3+ Ke8 24. c6 Ne7 25. Qd7+ Kf7 26. Ng5+ Kf6 27. Qxc7
Rh5 28. Qd8 Kg6 29. c7 hxg3 30. hxg3 Rxg5 31. Bxg5 Qxg5 32. Qxf8 1-0

[Event "SC Gronau 2 - SV Heiden 2"]
[Site "Verbandsklasse 2019/2020"]
[Date "2019.11.16"]
[Round "3.8"]
[White "Molnar, Pal"]
[Black "Schulze Forsthoevel, Manfred"]
[Result "0-1"]
[WhiteElo "1416"]
[BlackElo "1335"]
[PlyCount "78"]
[EventDate "2019.??.??"]
[SourceDate "2019.09.20"]

1. e4 d5 2. exd5 Qxd5 3. Nc3 Qa5 4. d4 Nf6 5. Bc4 c6 6. a3 Bg4 7. f3 Bh5 8.
Nge2 Nbd7 9. Ng3 Bg6 10. Bf4 Qd8 11. h4 h5 12. Nce2 Nb6 13. Bb3 Nbd5 14. Bg5 b5
15. Qd2 e6 16. Ne4 Be7 17. c4 bxc4 18. Nxf6+ gxf6 19. Ba4 fxg5 20. Bxc6+ Kf8
21. Bxa8 Qxa8 22. hxg5 Qb8 23. O-O Bd3 24. Rae1 Bxe2 25. Qxe2 Qf4 26. g6 Bd6
27. g3 Qxg3+ 28. Qg2 Kg7 29. gxf7 Kxf7 30. Rf2 Rg8 31. Kf1 Qxg2+ 32. Rxg2 Rxg2
33. Kxg2 Nf4+ 34. Kh1 Nd3 35. Re2 Kf6 36. Rd2 Bf4 37. Re2 Bc1 38. b3 cxb3 39.
d5 exd5 0-1

[Event "SC Rochade Emsdetten 3 - SV Heiden 1"]
[Site "Verbandsklasse 2019/2020"]
[Date "2019.11.16"]
[Round "3.1"]
[White "Wienen, Hermann"]
[Black "Gerighausen, Karl Heinz"]
[Result "1/2-1/2"]
[WhiteElo "1943"]
[BlackElo "1692"]
[PlyCount "63"]
[EventDate "2019.??.??"]
[SourceDate "2019.09.20"]

1. e4 e6 2. d4 d5 3. exd5 exd5 4. Nf3 Nf6 5. Bd3 Bd6 6. O-O O-O 7. Ne5 Nbd7 8.
Re1 Re8 9. Bf4 Nf8 10. Nc3 c6 11. h3 Qc7 12. Bg3 Ng6 13. Nxg6 Rxe1+ 14. Qxe1
Bxg3 15. Ne7+ Kf8 16. Nxc8 Bh2+ 17. Kh1 Bf4 18. g3 Bh6 19. Bf5 g6 20. Qe5 Qxe5
21. dxe5 gxf5 22. Nd6 Ne4 23. Nxf5 Nxc3 24. Nxh6 Na4 25. b3 Nc3 26. a4 a5 27.
Ng4 b5 28. Nf6 Ke7 29. f4 bxa4 30. bxa4 Rb8 31. Ra3 d4 32. Kg2 1/2-1/2

[Event "SC Rochade Emsdetten 3 - SV Heiden 1"]
[Site "Verbandsklasse 2019/2020"]
[Date "2019.11.16"]
[Round "3.2"]
[White "Fuhrmann, Andreas"]
[Black "Berger, Alfred Josef"]
[Result "0-1"]
[WhiteElo "1651"]
[BlackElo "1869"]
[PlyCount "82"]
[EventDate "2019.??.??"]
[SourceDate "2019.09.20"]

1. Nf3 c5 2. c4 Nf6 3. g3 Nc6 4. d4 cxd4 5. Nxd4 g6 6. Bg2 Bg7 7. O-O O-O 8.
Nc3 Nxd4 9. Qxd4 d6 10. Qh4 Qb6 11. Rb1 Bf5 12. e4 Bd7 13. Bh6 Qd4 14. Bxg7
Kxg7 15. Nd5 Nxd5 16. cxd5 Rac8 17. Rfd1 Qf6 18. Qxf6+ Kxf6 19. Rbc1 g5 20. f3
Ke5 21. Kf2 f5 22. Rxc8 Rxc8 23. Rd2 fxe4 24. fxe4 Rc4 25. Ke3 Be8 26. b3 Rc3+
27. Ke2 Bg6 28. b4 Bxe4 29. Bxe4 Kxe4 30. Kf2 Rf3+ 31. Ke2 g4 32. Rc2 Kxd5 33.
Rc7 e5 34. Rxb7 Ra3 35. Rxh7 Ke4 36. h4 Rxa2+ 37. Ke1 d5 38. Rg7 Ke3 39. Kd1 d4
40. Rxg4 Ra1+ 41. Kc2 d3+ 0-1

[Event "SC Rochade Emsdetten 3 - SV Heiden 1"]
[Site "Verbandsklasse 2019/2020"]
[Date "2019.11.16"]
[Round "3.3"]
[White "Winzenhoerlein, Thomas"]
[Black "Wessendorf, Klaus"]
[Result "1-0"]
[WhiteElo "1773"]
[BlackElo "1624"]
[PlyCount "37"]
[EventDate "2019.??.??"]
[SourceDate "2019.09.20"]

1. f4 d5 2. Nf3 c5 3. e3 Nc6 4. Bb5 Bd7 5. O-O a6 6. Bxc6 Bxc6 7. b3 Nf6 8. Ne5
d4 9. Nxc6 bxc6 10. d3 dxe3 11. Bxe3 e6 12. Nd2 Qd5 13. Nc4 Rb8 14. Qf3 Be7 15.
Ne5 Rc8 16. Rae1 Bd6 17. Qg3 Bb8 18. c4 Qd6 19. Qxg7 1-0

[Event "SC Rochade Emsdetten 3 - SV Heiden 1"]
[Site "Verbandsklasse 2019/2020"]
[Date "2019.11.16"]
[Round "3.4"]
[White "Willermann, Norbert"]
[Black "Wigger, Niklas"]
[Result "1-0"]
[WhiteElo "1597"]
[BlackElo "1819"]
[PlyCount "37"]
[EventDate "2019.??.??"]
[SourceDate "2019.09.20"]

1. e4 c5 2. Nf3 d6 3. d4 cxd4 4. Nxd4 Nf6 5. Nc3 a6 6. f3 g6 7. Be3 Bg7 8. Qd2
O-O 9. g4 Nc6 10. h4 h5 11. gxh5 Nxh5 12. Bc4 Na5 13. Be2 b5 14. Bh6 Nc4 15.
Bxc4 bxc4 16. Bxg7 Kxg7 17. Nd5 Bb7 18. Nf5+ Kh7 19. Qh6+ 1-0

[Event "SC Rochade Emsdetten 3 - SV Heiden 1"]
[Site "Verbandsklasse 2019/2020"]
[Date "2019.11.16"]
[Round "3.5"]
[White "Vestrick, Frank"]
[Black "Peters, Tobias"]
[Result "1-0"]
[WhiteElo "1726"]
[BlackElo "1690"]
[PlyCount "81"]
[EventDate "2019.??.??"]
[SourceDate "2019.09.20"]

1. d4 f5 2. c4 e6 3. g3 Nf6 4. Bg2 Be7 5. Nf3 O-O 6. O-O d6 7. Nc3 Ne4 8. Qc2
Nxc3 9. Qxc3 a5 10. Rd1 Qe8 11. Bd2 Nc6 12. Rac1 Bf6 13. e3 e5 14. d5 e4 15.
Nd4 Nb4 16. Ra1 c5 17. dxc6 bxc6 18. Qa3 Bd7 19. Bxb4 axb4 20. Qb3 Qb8 21. Bf1
Kh8 22. Rd2 g5 23. Qd1 Qe8 24. a3 f4 25. axb4 Rxa1 26. Qxa1 fxe3 27. fxe3 Be5
28. Qd1 Qf7 29. Bg2 d5 30. Nb3 h5 31. Nc5 Bg4 32. Qc2 Bf3 33. Rf2 d4 34. Nxe4
g4 35. Qd2 Qxc4 36. Bxf3 dxe3 37. Qxe3 Rxf3 38. Qh6+ Kg8 39. Qg6+ Bg7 40. Rxf3
gxf3 41. Nf6+ 1-0

[Event "SC Rochade Emsdetten 3 - SV Heiden 1"]
[Site "Verbandsklasse 2019/2020"]
[Date "2019.11.16"]
[Round "3.6"]
[White "Schmidt, Frank"]
[Black "Ebbeler, Thomas"]
[Result "1-0"]
[WhiteElo "1558"]
[BlackElo "1592"]
[PlyCount "43"]
[EventDate "2019.??.??"]
[SourceDate "2019.09.20"]

1. d4 f5 2. Nf3 e6 3. g3 d5 4. Bg2 Nf6 5. O-O Bd6 6. c4 c6 7. cxd5 exd5 8. Bg5
Nbd7 9. Qc2 h6 10. Bxf6 Nxf6 11. Nh4 O-O 12. Nxf5 Bxf5 13. Qxf5 Qe7 14. Qd3
Rae8 15. e3 Ne4 16. Nc3 Nxc3 17. bxc3 Qe6 18. Rae1 g5 19. Rc1 g4 20. c4 dxc4
21. Qxc4 Qxc4 22. Rxc4 1-0

[Event "SC Rochade Emsdetten 3 - SV Heiden 1"]
[Site "Verbandsklasse 2019/2020"]
[Date "2019.11.16"]
[Round "3.7"]
[White "Knop, Adrian"]
[Black "Gatterdam, Karl Heinz"]
[Result "1/2-1/2"]
[WhiteElo "1477"]
[BlackElo "1695"]
[PlyCount "53"]
[EventDate "2019.??.??"]
[SourceDate "2019.09.20"]

1. e4 e5 2. Nf3 Nc6 3. Bc4 Bc5 4. c3 Nf6 5. d4 exd4 6. cxd4 Bb4+ 7. Nc3 Nxe4 8.
O-O Bxc3 9. d5 Ne5 10. bxc3 Nxc4 11. Qd4 O-O 12. Qxe4 Nd6 13. Qg4 f5 14. Qf4
Ne4 15. c4 d6 16. Re1 Qf6 17. Be3 Bd7 18. Bd4 Qf7 19. Nh4 Rae8 20. f3 g5 21.
Qc1 gxh4 22. fxe4 Rxe4 23. Rxe4 fxe4 24. Qg5+ Qg6 25. Qxh4 h5 26. Re1 Qf5 27.
Qxe4 1/2-1/2

[Event "SC Rochade Emsdetten 3 - SV Heiden 1"]
[Site "Verbandsklasse 2019/2020"]
[Date "2019.11.16"]
[Round "3.8"]
[White "Mueller, Johanna Franziska"]
[Black "Knop, Karin"]
[Result "1-0"]
[WhiteElo "1494"]
[BlackElo "1403"]
[PlyCount "65"]
[EventDate "2019.??.??"]
[SourceDate "2019.09.20"]

1. e4 e5 2. Nf3 Nc6 3. Bc4 Bc5 4. Nc3 d6 5. h3 h6 6. d3 f5 7. exf5 Bxf5 8. Be3
Bxe3 9. fxe3 Nf6 10. e4 Bh7 11. Qe2 a6 12. Nd5 Na5 13. Nxf6+ Qxf6 14. Bd5 c6
15. Bb3 O-O-O 16. c4 Nxb3 17. axb3 Qe7 18. Ra4 Rhf8 19. Qe3 c5 20. b4 Qd7 21.
b3 Qc6 22. bxc5 Qxc5 23. Qxc5+ dxc5 24. Ke2 Rf6 25. Nxe5 Re6 26. Ng4 h5 27. Nf2
g5 28. g4 Bg6 29. Ra5 Rc6 30. Rb1 hxg4 31. hxg4 Rf8 32. Nh3 Rf4 33. Nxf4 1-0

[Event "SK Ochtrup 1 - SK Dülmen 2"]
[Site "Verbandsklasse 2019/2020"]
[Date "2019.11.16"]
[Round "3.1"]
[White "Stegemann, Norbert"]
[Black "Jacob, Helmut"]
[Result "1-0"]
[WhiteElo "1871"]
[BlackElo "2021"]
[PlyCount "105"]
[EventDate "2019.??.??"]
[SourceDate "2019.09.20"]

1. c4 e5 2. g3 Nf6 3. Bg2 c6 4. Nf3 e4 5. Nd4 d5 6. cxd5 cxd5 7. O-O Qb6 8. Nb3
a5 9. a4 Na6 10. d3 Nc5 11. Nxc5 Bxc5 12. Nc3 e3 13. d4 Bxd4 14. Nb5 exf2+ 15.
Kh1 Be5 16. Ra3 O-O 17. Be3 Qc6 18. Bxf2 Ne4 19. Bd4 Bxd4 20. Qxd4 Be6 21. Nc3
f5 22. Rb3 Qc5 23. Qxc5 Nxc5 24. Rb5 Rfc8 25. Nxd5 Bxd5 26. Bxd5+ Kh8 27. Rxf5
Rc7 28. Rf7 Rxf7 29. Bxf7 Nxa4 30. Rxb7 Nc5 31. Rb5 Nd7 32. Bd5 Ra7 33. Be6 g6
34. Bxd7 Rxd7 35. Kg2 Kg7 36. Kf3 Ra7 37. Ke4 a4 38. h4 a3 39. bxa3 Ra4+ 40.
Kf3 Rxa3+ 41. e3 h5 42. Kf4 Ra6 43. e4 Rf6+ 44. Kg5 Re6 45. e5 Re7 46. Rd5 Kf7
47. Kf4 Ra7 48. Rd4 Ra1 49. Rd7+ Ke6 50. Rd6+ Kf7 51. Rf6+ Kg7 52. Kg5 Ra4 53.
Rxg6+ 1-0

[Event "SK Ochtrup 1 - SK Dülmen 2"]
[Site "Verbandsklasse 2019/2020"]
[Date "2019.11.16"]
[Round "3.2"]
[White "Moor, Daniel"]
[Black "Gehlen, Horst"]
[Result "1/2-1/2"]
[WhiteElo "1899"]
[BlackElo "1737"]
[PlyCount "84"]
[EventDate "2019.??.??"]
[SourceDate "2019.09.20"]

1. e4 c5 2. d4 cxd4 3. c3 Nf6 4. e5 Nd5 5. g3 d6 6. Qxd4 dxe5 7. Bb5+ Nc6 8.
Qxe5 e6 9. Nf3 Bd7 10. Qh5 g6 11. Qh4 Be7 12. Bg5 Qb6 13. Bxe7 Qxb5 14. Ba3 Qd3
15. Nd4 Ne5 16. Nd2 f6 17. Ne4 O-O-O 18. Nd6+ Kb8 19. Qe4 Qxe4+ 20. Nxe4 Nc4
21. Bd6+ Nxd6 22. Nxd6 Rhf8 23. O-O-O e5 24. Nb3 Bc6 25. Nc4 Rc8 26. Rhe1 Rfd8
27. Ne3 Nxe3 28. Rxe3 Rxd1+ 29. Kxd1 Rd8+ 30. Kc2 Bb5 31. Nc5 Rd6 32. Ne4 Re6
33. b3 b6 34. c4 Bc6 35. Nc3 Rd6 36. Rd3 Rxd3 37. Kxd3 Kc7 38. b4 a6 39. Ke3
Bg2 40. f3 Bf1 41. Nd5+ Kc6 42. Nxf6 Bxc4 1/2-1/2

[Event "SK Ochtrup 1 - SK Dülmen 2"]
[Site "Verbandsklasse 2019/2020"]
[Date "2019.11.16"]
[Round "3.3"]
[White "Hussein, Zaman"]
[Black "Schwietering, Ralf"]
[Result "0-1"]
[WhiteElo "1664"]
[BlackElo "1817"]
[PlyCount "112"]
[EventDate "2019.??.??"]
[SourceDate "2019.09.20"]

1. e4 e5 2. Nf3 Nc6 3. Bb5 Bc5 4. c3 d6 5. h3 Bd7 6. d3 h6 7. Nbd2 Nge7 8. O-O
O-O 9. Re1 a6 10. Ba4 f5 11. Bb3+ Kh8 12. Nh2 Ng6 13. Rf1 Nf4 14. Ndf3 fxe4 15.
Bxf4 exf3 16. Bg3 fxg2 17. Kxg2 Na5 18. Bc2 Bc6+ 19. Kg1 Qg5 20. d4 Rxf2 21.
Rxf2 Qxg3+ 22. Kf1 Bb5+ 23. Ke1 exd4 24. Qf3 Re8+ 25. Kd1 Qxf3+ 26. Nxf3 dxc3
27. Rh2 cxb2 28. Rb1 Bc6 29. Nd2 Bd4 30. Re2 Rxe2 31. Kxe2 Bd5 32. Bb3 Nxb3 33.
axb3 Be6 34. Rf1 Bf6 35. Kd3 Bxh3 36. Re1 Bf5+ 37. Kc4 Kg8 38. Kb4 Kf7 39. Nb1
Bxb1 40. Rxb1 h5 41. Ka3 h4 42. Ka2 h3 43. Rh1 a5 44. Rxh3 c5 45. Rd3 Ke6 46.
Kb1 b5 47. Re3+ Kd7 48. Re4 d5 49. Rg4 Kc6 50. Kc2 c4 51. bxc4 bxc4 52. Kb1 Kb5
53. Ka2 c3 54. Kb1 a4 55. Ka2 c2 56. Rb4+ Kc6 0-1

[Event "SK Ochtrup 1 - SK Dülmen 2"]
[Site "Verbandsklasse 2019/2020"]
[Date "2019.11.16"]
[Round "3.4"]
[White "Boshe Plois, Stefan"]
[Black "Stein, Michael"]
[Result "1-0"]
[WhiteElo "1802"]
[BlackElo "1688"]
[PlyCount "51"]
[EventDate "2019.??.??"]
[SourceDate "2019.09.20"]

1. e4 e5 2. Nf3 Nc6 3. Bc4 Bc5 4. O-O Nf6 5. d3 d6 6. h3 Be6 7. Nbd2 h6 8. Re1
Qd7 9. Bxe6 fxe6 10. c3 a6 11. Nf1 O-O 12. Be3 Bxe3 13. Rxe3 Rae8 14. Ng3 Qf7
15. Qb3 Nd8 16. d4 exd4 17. cxd4 Nh5 18. Nxh5 Qxh5 19. Rc1 c6 20. Rce1 Qb5 21.
Qa3 Nf7 22. Rb3 Qc4 23. Rxb7 Rb8 24. b3 Qc2 25. Rxb8 Rxb8 26. Qxa6 1-0

[Event "SK Ochtrup 1 - SK Dülmen 2"]
[Site "Verbandsklasse 2019/2020"]
[Date "2019.11.16"]
[Round "3.5"]
[White "Lober, Sascha"]
[Black "Schmerling, Janek"]
[Result "1/2-1/2"]
[WhiteElo "1641"]
[BlackElo "1676"]
[PlyCount "81"]
[EventDate "2019.??.??"]
[SourceDate "2019.09.20"]

1. Nc3 e5 2. Nf3 Nc6 3. d4 exd4 4. Nxd4 d5 5. Bf4 Be6 6. Ncb5 Bb4+ 7. c3 Ba5 8.
Nxc6 bxc6 9. Nd4 Bd7 10. e3 Ne7 11. Ba6 Rb8 12. Nb3 Bb6 13. a4 d4 14. cxd4 Be6
15. Ra3 Bxb3 16. Rxb3 Ba5+ 17. Ke2 Nd5 18. Bg3 O-O 19. Qc2 Nb4 20. Qc5 Nxa6 21.
Rxb8 Nxc5 22. Rxd8 Rxd8 23. dxc5 Rd2+ 24. Kf3 Rxb2 25. Rd1 Kf8 26. Rd8+ Ke7 27.
Ra8 Rb7 28. Rc8 Bb4 29. Rxc7+ Rxc7 30. Bxc7 Bxc5 31. Ke4 Ke6 32. Kd3 Bb6 33.
Bb8 a6 34. Kc4 f5 35. Bf4 g6 36. Bh6 Ke5 37. h3 Ke6 38. Bf8 Ke5 39. Bc5 Bc7 40.
Bb4 Bb6 41. Bc5 1/2-1/2

[Event "SK Ochtrup 1 - SK Dülmen 2"]
[Site "Verbandsklasse 2019/2020"]
[Date "2019.11.16"]
[Round "3.6"]
[White "Holtmannspoetter, Thomas"]
[Black "Wilms, Gerwin"]
[Result "1/2-1/2"]
[WhiteElo "1722"]
[BlackElo "1616"]
[PlyCount "58"]
[EventDate "2019.??.??"]
[SourceDate "2019.09.20"]

1. e4 e6 2. d4 d5 3. Nd2 Nf6 4. e5 Nfd7 5. Bd3 c5 6. c3 Nc6 7. Ndf3 cxd4 8.
cxd4 Qb6 9. Ne2 Bb4+ 10. Bd2 Bxd2+ 11. Qxd2 Qb4 12. a3 Qxd2+ 13. Nxd2 f6 14. f4
fxe5 15. fxe5 O-O 16. Nf3 h6 17. O-O Nb6 18. Nh4 Ne7 19. Rxf8+ Kxf8 20. Rf1+
Kg8 21. Nf4 g5 22. Nfg6 Nxg6 23. Nxg6 Bd7 24. Rf6 Kg7 25. h4 Re8 26. hxg5 hxg5
27. Kf2 Nc4 28. Bxc4 dxc4 29. Kg3 Bc6 1/2-1/2

[Event "SK Ochtrup 1 - SK Dülmen 2"]
[Site "Verbandsklasse 2019/2020"]
[Date "2019.11.16"]
[Round "3.7"]
[White "Bienhuels, Michael"]
[Black "Jacob, Barbara"]
[Result "0-1"]
[WhiteElo "1658"]
[BlackElo "1629"]
[PlyCount "70"]
[EventDate "2019.??.??"]
[SourceDate "2019.09.20"]

1. e4 b6 2. Nf3 Bb7 3. d3 d6 4. g3 e5 5. Bg2 Nf6 6. O-O Be7 7. Nc3 Nbd7 8. a4
a6 9. h3 h6 10. Rb1 O-O 11. Nh4 Nh7 12. Nf5 Bg5 13. f4 exf4 14. gxf4 Bf6 15.
Kh2 Nc5 16. d4 Ne6 17. Be3 Re8 18. Rg1 Rb8 19. Qd2 c5 20. d5 Nef8 21. Bf3 Ng6
22. Bh5 Nhf8 23. Nxh6+ gxh6 24. f5 Be5+ 25. Kh1 Qh4 26. Bg4 h5 27. Bf2 Qf6 28.
fxg6 hxg4 29. gxf7+ Kxf7 30. Rxg4 Qf3+ 31. Kg1 Ng6 32. Bg3 Bd4+ 33. Kh2 Rh8 34.
Qg5 Rbg8 35. Bxd6 Qxh3# 0-1

[Event "SK Ochtrup 1 - SK Dülmen 2"]
[Site "Verbandsklasse 2019/2020"]
[Date "2019.11.16"]
[Round "3.8"]
[White "Kaiser, Guenter"]
[Black "Hoffmann, Klaus Peter"]
[Result "1-0"]
[WhiteElo "1628"]
[BlackElo "1522"]
[PlyCount "31"]
[EventDate "2019.??.??"]
[SourceDate "2019.09.20"]

1. e4 e6 2. d4 d5 3. Nd2 dxe4 4. Nxe4 Nd7 5. Nf3 Ngf6 6. Bg5 Be7 7. Nxf6+ Nxf6
8. Bd3 h6 9. Bh4 c5 10. dxc5 Bxc5 11. O-O O-O 12. Qe2 Be7 13. Rad1 Nh5 14. Bh7+
Kxh7 15. Rxd8 Bxd8 16. Qd3+ 1-0

[Event "SF Reckenfeld 1 - Indische Dame Münster"]
[Site "Verbandsklasse 2019/2020"]
[Date "2019.11.16"]
[Round "3.1"]
[White "Frie, Michael"]
[Black "Boerger, Andreas"]
[Result "1/2-1/2"]
[WhiteElo "1869"]
[BlackElo "1733"]
[PlyCount "41"]
[EventDate "2019.??.??"]
[SourceDate "2019.09.20"]

1. e4 e6 2. d4 d5 3. Nd2 Nf6 4. e5 Nfd7 5. Bd3 c5 6. c3 Nc6 7. Ndf3 cxd4 8.
cxd4 Be7 9. Ne2 O-O 10. O-O a6 11. Re1 Re8 12. g3 Nf8 13. h4 f6 14. Bf4 f5 15.
Bg5 Bd7 16. a3 Rc8 17. Rc1 h6 18. Be3 Nh7 19. Nf4 Kf7 20. Kg2 Rh8 21. Bd2
1/2-1/2

[Event "SF Reckenfeld 1 - Indische Dame Münster"]
[Site "Verbandsklasse 2019/2020"]
[Date "2019.11.16"]
[Round "3.2"]
[White "Boeckmann, Dirk"]
[Black "Knispel Roth, Martin"]
[Result "1/2-1/2"]
[WhiteElo "1706"]
[BlackElo "1863"]
[PlyCount "57"]
[EventDate "2019.??.??"]
[SourceDate "2019.09.20"]

1. d4 e6 2. Nf3 Nf6 3. Bf4 b6 4. e3 Bb7 5. Nbd2 Bd6 6. Bxd6 cxd6 7. c3 O-O 8.
Bd3 d5 9. O-O Ne4 10. Re1 f5 11. Nf1 Nc6 12. Qe2 Rc8 13. Ba6 Qc7 14. Bxb7 Qxb7
15. N3d2 Na5 16. f3 Nd6 17. e4 fxe4 18. fxe4 dxe4 19. Nxe4 Nxe4 20. Qxe4 Qxe4
21. Rxe4 Nc4 22. Re2 Rf5 23. Ng3 Rd5 24. Nf1 b5 25. a3 a5 26. Ne3 Nxe3 27. Rxe3
b4 28. axb4 axb4 29. Ra4 1/2-1/2

[Event "SF Reckenfeld 1 - Indische Dame Münster"]
[Site "Verbandsklasse 2019/2020"]
[Date "2019.11.16"]
[Round "3.3"]
[White "Tenberge, Norbert"]
[Black "Holtmannspoetter, Michael"]
[Result "1/2-1/2"]
[WhiteElo "1809"]
[BlackElo "1602"]
[PlyCount "28"]
[EventDate "2019.??.??"]
[SourceDate "2019.09.20"]

1. d4 d5 2. c4 c6 3. e3 Nf6 4. Nf3 g6 5. Bd3 Bg7 6. O-O O-O 7. b3 Nbd7 8. Nc3
e6 9. Bb2 Re8 10. Rc1 b6 11. e4 dxe4 12. Nxe4 Nxe4 13. Bxe4 Bb7 14. Ne5 Nxe5
1/2-1/2

[Event "SF Reckenfeld 1 - Indische Dame Münster"]
[Site "Verbandsklasse 2019/2020"]
[Date "2019.11.16"]
[Round "3.4"]
[White "Lachmuth, Mathias"]
[Black "Glotzbach, Thomas"]
[Result "1/2-1/2"]
[WhiteElo "1656"]
[BlackElo "1777"]
[PlyCount "48"]
[EventDate "2019.??.??"]
[SourceDate "2019.09.20"]

1. Nf3 d5 2. b3 Nf6 3. Bb2 g6 4. e3 Bg7 5. d4 c5 6. Nbd2 cxd4 7. Nxd4 O-O 8. c4
Re8 9. Be2 e5 10. N4f3 Nc6 11. cxd5 Nxd5 12. e4 Nf4 13. O-O Nxe2+ 14. Qxe2 b6
15. Rfd1 Qf6 16. a3 Bb7 17. Qe3 Rad8 18. Nc4 Qe6 19. Ng5 Qe7 20. Nf3 Rd7 21.
Qg5 Qxg5 22. Nxg5 Red8 23. Rxd7 Rxd7 24. Nf3 f6 1/2-1/2

[Event "SF Reckenfeld 1 - Indische Dame Münster"]
[Site "Verbandsklasse 2019/2020"]
[Date "2019.11.16"]
[Round "3.5"]
[White "Wichmann, Norbert"]
[Black "Merschkoetter, Peter"]
[Result "1/2-1/2"]
[WhiteElo "1750"]
[BlackElo "1643"]
[PlyCount "66"]
[EventDate "2019.??.??"]
[SourceDate "2019.09.20"]

1. d4 f5 2. e4 fxe4 3. Nc3 Nf6 4. Bg5 g6 5. f3 Bg7 6. fxe4 d5 7. e5 Ne4 8. Nxe4
dxe4 9. Bc4 c5 10. c3 cxd4 11. cxd4 Qb6 12. Qd2 Nc6 13. Rd1 Bg4 14. Ne2 O-O-O
15. Be3 Nxe5 16. dxe5 Rxd2 17. Bxb6 Rxd1+ 18. Kxd1 axb6 19. a3 Rd8+ 20. Kc2
Bxe2 21. Bxe2 Bxe5 22. Bg4+ Kc7 23. Re1 Rd4 24. Be6 Kd6 25. Bg8 h6 26. Bh7 g5
27. Bxe4 Rc4+ 28. Kb3 Rc5 29. a4 Rc7 30. Rd1+ Ke6 31. Bd5+ Kf6 32. Rf1+ Kg6 33.
Bf7+ Kg7 1/2-1/2